000
00206 a2200097 4500
020
_a
9788408049791
041
_a
spa
100
_a
Blyton, Enid
245
_a
Las mejores aventuras de enid blyton
942
_c
BK
999
_c
29606
_d
29604